História dos três amigos e da milagrosa batalha de Alcácer (Record no. 45782)

MARC details
000 -Etiqueta do registo
Valores 00508nam a2200181 4500
100 ## - Dados gerais de processamento
Dados gerais 20081212d1938 m y0pory5003 ba
101 0# - Língua de publicação
Língua por
102 ## - País de publicação
País PT
200 1# - Titulo e menção de responsabilidade
Título próprio História dos três amigos e da milagrosa batalha de Alcácer
Primeira menção de responsabilidade [Virgínia de Castro e Almeida]
210 ## - Publicação
Local de publicação Lisboa
Nome do editor Edicões S.P.N.
Data de publicação 1938
215 ## - Descrição física 
Paginação / Volumes 13, [1] p.
Dimensões 24 cm
225 2# - Colecção 
Título próprio da colecção Pátria
Indicação de volume 5
675 ## - CDU
Notação 821.134.3-34
700 #1 - Autor principal
Apelido Almeida
Nome Virgínia de Carvalho e
801 #0 - Fonte de origem
País PT
Agência MARBC
Regras de catalogação RPC
990 ## - Elementos KOHA
Tipo de documento Livro
Holdings
Aquisição Empréstimo Código de barras Cota Permissão de empréstimo Tipo de documento Nota relativa ao exemplar
Biblioteca Municipal de Redondo Biblioteca Municipal de Redondo 057019 821.134.3-3 ALM   Livro  
Biblioteca Municipal de Redondo Biblioteca Municipal de Redondo 057020 821.134.3-3 ALM   Livro depósito
Biblioteca Municipal de Redondo Biblioteca Municipal de Redondo 057021 821.134.3-3 ALM   Livro depósito

Powered by Koha